El sastrecillo valiente y otros cuentos /
Este libro reúne nueve cuentos de los hermanos Grimm, aquellos famosos escritores alemanes que, a comienzos del siglo XIX, recopilaron las historias populares para dejarlas en la memoria de la humanidad. Estos relatos, traducidos especialmente para la presente edición, recrean los motivos típicos de...
Guardado en:
| Autor Principal: | |
|---|---|
| Otros Autores: | , , |
| Formato: | Libro |
| Publicado: |
Buenos Aires :
Santillana,
2001.
|
| Series: | Leer es genial. Ayer y siempre
|
| Materias: | |
| Etiquetas: |
Agregar Etiqueta
Sin Etiquetas, Sea el primero en etiquetar este registro!
|
| LEADER | 02136nam a22002895a 4500 | ||
|---|---|---|---|
| 001 | CEM.cems019979 | ||
| 008 | 230410s2001##################000#0#####d | ||
| 005 | 20230417090432.0 | ||
| 245 | 1 | 0 | |a El sastrecillo valiente y otros cuentos / |c Jacob y Wilhelm Grimm; ilustraciones de Lancman Ink; prólogo de Silvia Schujer. |
| 260 | |a Buenos Aires : |b Santillana, |c 2001. | ||
| 300 | |a 128 p. | ||
| 490 | 0 | |a Leer es genial. Ayer y siempre | |
| 505 | 0 | |a El sastrecillo valiente -- Hans el afortunado -- La mesa, el burro y el palo -- Los cuatro hermanos hábiles -- El Agua de la Vida -- Los seis sirvientes -- Los tres pelos del diablo -- Blanca Nieves y Rosa Roja -- Ruiponces | |
| 520 | |a Este libro reúne nueve cuentos de los hermanos Grimm, aquellos famosos escritores alemanes que, a comienzos del siglo XIX, recopilaron las historias populares para dejarlas en la memoria de la humanidad. Estos relatos, traducidos especialmente para la presente edición, recrean los motivos típicos de los cuentos de hadas. Al leerlos, entraremos en un mundo regido por leyes diferentes, donde existen los objetos mágicos, los encantamientos, los hechizos. Una realidad donde todo es posible, desde un príncipe enamorado que sube a una alta torre por la larga cabellera de su novia, hasta un humilde sastre que, valiéndose de su astucia, es capaz de convertirse en rey, o un hombre que siente frío cuando está sentado sobre una brasa. En todas estas historias, seres dotados de un alma pura e inocente se esfuerzan por vencer la realidad adversa que se interpone en su camino. Y finalmente lo logran. Para quedar en el recuerdo de todos los niños del mundo. | ||
| 020 | |a 9504614116 | ||
| 100 | 1 | |a Grimm, Wilhelm. | |
| 700 | 1 | |a Lancman Ink, il. | |
| 700 | 1 | |a Wilhelm, Jacob. | |
| 700 | 1 | |a Schujer, Silvia, prol. | |
| 653 | |a Literatura | ||
| 653 | |a Literatura popular | ||
| 653 | |a Cuentos | ||
| 653 | |a Cuentos infantiles | ||
| 653 | |a Literatura Infantil | ||
| 653 | |a Literatura Juvenil | ||
| 859 | |a CEMS |b BIB. CEMS - Inicial y Primaria |h 833 |i G882 |k IP |p 2268 |t Ej.1 | ||
| 859 | |a CEMS |b BIB. CEMS - Ccias. Educacion |h 833 |i G882 |k CE |p 27967.19 |t Ej.1 | ||
